000 01469nac a22003371i 4500
003 EG-ScBUE
005 20241009094710.0
008 241009t1997 nyua f b 001 0 eng d
020 _a0471089532 (cloth : acid-free paper)
020 _a9780471089537
040 _aEG-ScBUE
_beng
_erda
_cEG-ScBUE
_dEG-ScBUE
082 0 4 _a515.35
_bBOY
_222
100 1 _aBoyce, William E.,
_eauthor.
245 1 0 _aElementary differential equations /
_cWilliam E. Boyce, Edward P. Hamilton professor, Richard C. DiPrima, Eliza Ricketts Foundation professor, Department of Mathematical Sciences, Rensselaer Polytechnic Institute.
250 _aSixth edition.
264 1 _aNew York :
_bJohn Wiley & Sons, Inc.,
_c[1997]
264 4 _cc1997
300 _axv, 592 pages :
_bcolor illustrations ;
_c25 cm
336 _2rdacontent
_atext
_btxt
337 _aunmediated
_2rdamedia
_bn
338 _avolume
_bnc
_2rdacarrier
504 _aIncludes bibliographical references and index.
650 7 _aDifferential equations.
_2BUEsh
650 7 _aBoundary value problems.
_2BUEsh
655 _vReading book
700 1 _aDiPrima, Richard C.,
_eauthor.
856 4 _3Table of Contents only
_uhttp://www.loc.gov/catdir/toc/onix02/96023075.html
856 4 _3Contributor biographical information
_uhttp://www.loc.gov/catdir/enhancements/fy0607/96023075-b.html
856 4 _3Publisher description
_uhttp://www.loc.gov/catdir/enhancements/fy0706/96023075-d.html
942 _cNB
_2ddc
999 _c4080
_d4080